| 000 | 00358nam a22001217a 4500 | ||
|---|---|---|---|
| 999 |
_c2632 _d2632 |
||
| 005 | 20200922105352.0 | ||
| 008 | 200922b ||||| |||| 00| 0 eng d | ||
| 020 | _a15601 | ||
| 040 | _cCML | ||
| 245 |
_aOxford Junior Encyclopaedia. _cSalt, L.E. |
||
| 260 |
_aLondon _bOxford University _c1952 |
||
| 942 |
_2ddc _cBK _e1st Edition _h030 _kREF030 _mSAL |
||